000 00284nam a2200109Ia 4500
008 171211s9999 xx 000 0 und d
245 4 _aThe Greatest Shows on Earth
245 _cJohn Freeman
260 _c2012
650 _xART
856 _uhttp://down.ebook777.com/064/1907471545.pdf
999 _c348528
_d348528